000 00310nam a2200121 a 4500
005 20140414131903.0
008 100922s19uu xx 00 eng d
050 _aFIC
_bK84 1993
100 _aKorman, Gordon
245 _aThe toilet paper tigers.
260 _aNew York :
_bScholastic,
_c1993.
999 _c110785
_d110785